[Event "CYCC U14"]
[Site "Windsor CAN"]
[Date "2016.07.06"]
[Round "2.39"]
[White "Gaur, Shivan"]
[Black "Morin, Gabriel"]
[Result "1-0"]
[WhiteElo "1211"]
[BlackElo "795"]
[PlyCount "69"]
[EventDate "2016.07.05"]
[EventType "swiss"]
[EventRounds "7"]
[EventCountry "CAN"]

1. d4 d5 2. c4 dxc4 3. e3 e6 4. Bxc4 Bb4+ 5. Bd2 Bxd2+ 6. Qxd2 Qg5 7. f4 Qh4+
8. Kf1 Nf6 9. Nf3 Qh5 10. Nc3 Nc6 11. e4 O-O 12. e5 Nd7 13. h3 g6 14. g4 Qh6
15. h4 Qg7 16. Ne4 f5 17. gxf5 gxf5 18. Rg1 Qxg1+ 19. Kxg1 fxe4 20. Bxe6+ Kg7
21. Ng5 Ndxe5 22. dxe5 Bxe6 23. Nxe6+ Kf7 24. Nxf8 Rxf8 25. Qd7+ Ne7 26. Qxc7
Rg8+ 27. Kf2 e3+ 28. Kxe3 Rg3+ 29. Kf2 Rg4 30. e6+ Kf6 31. Qe5+ Kg6 32. Rg1
Rxg1 33. Kxg1 Nc6 34. h5+ Kh6 35. Qg5# 1-0

[Event "CYCC U14"]
[Site "Windsor CAN"]
[Date "2016.07.06"]
[Round "2.40"]
[White "Zaid, Shahmeer"]
[Black "Cui, Kevin"]
[Result "1-0"]
[WhiteElo "745"]
[BlackElo "1182"]
[PlyCount "101"]
[EventDate "2016.07.05"]
[EventType "swiss"]
[EventRounds "7"]
[EventCountry "CAN"]

1. e4 c5 2. Nf3 d6 3. d4 cxd4 4. Nxd4 Nf6 5. Nc3 g6 6. Be2 Bg7 7. O-O O-O 8. h3
Bd7 9. Nf3 Nc6 10. Be3 Rc8 11. a3 a6 12. Qd2 Na5 13. Bd4 Nc4 14. Bxc4 Rxc4 15.
Be3 Nxe4 16. Nxe4 Rxe4 17. Rae1 Qc8 18. c3 Bb5 19. c4 Rxc4 20. Rc1 Rxc1 21.
Rxc1 Qe6 22. Nd4 Qd5 23. Nxb5 Qxb5 24. b4 Qd7 25. Qc2 b5 26. Qd2 Rc8 27. Rxc8+
Qxc8 28. Qe2 Qc3 29. Bb6 Bf6 30. Qe4 Qxa3 31. Bd4 Bxd4 32. Qxd4 Qc1+ 33. Kh2
Qc4 34. Qb2 Qc7 35. g3 a5 36. Kg2 axb4 37. Kf1 b3 38. Ke1 Qc2 39. Qxc2 bxc2 40.
Kd2 Kg7 41. Kxc2 Kf6 42. Kb3 Ke5 43. Kb4 Ke4 44. Kxb5 Kf3 45. Kc6 Kxf2 46. Kd5
Kxg3 47. Ke4 f5+ 48. Ke3 f4+ 49. Ke2 Kxh3 50. Kf3 e5 51. Kf2 1-0

[Event "CYCC U14"]
[Site "Windsor CAN"]
[Date "2016.07.06"]
[Round "2.41"]
[White "Ekanayake, Aneesha"]
[Black "Periappuram, Jacob"]
[Result "1-0"]
[WhiteElo "1150"]
[BlackElo "635"]
[PlyCount "85"]
[EventDate "2016.07.05"]
[EventType "swiss"]
[EventRounds "7"]
[EventCountry "CAN"]

1. c4 e5 2. g3 Nf6 3. Bg2 Bc5 4. e3 O-O 5. Ne2 d6 6. O-O Be6 7. b3 Nc6 8. Bb2
Qd7 9. Nbc3 Bh3 10. d4 Bb4 11. d5 Ne7 12. Rc1 c6 13. e4 b5 14. dxc6 Nxc6 15.
cxb5 Ne7 16. Nd5 Nexd5 17. exd5 Bxg2 18. Kxg2 Qxb5 19. Nc3 Qa5 20. a4 Rac8 21.
Nb5 Rfd8 22. Rxc8 Rxc8 23. Nxd6 Rc5 24. Nb7 Qc7 25. Nxc5 Qxc5 26. Bxe5 Nxd5 27.
Qh5 Nc3 28. Qg5 Qd5+ 29. Kh3 Qe6+ 30. g4 g6 31. Qd8+ Bf8 32. Bxc3 h5 33. Rg1
Qxb3 34. Rg3 Qe6 35. Bb4 hxg4+ 36. Rxg4 Qb3+ 37. Kh4 Kh7 38. Qxf8 g5+ 39. Kxg5
Qd5+ 40. Kh4 Qe5 41. Qg8+ Kh6 42. Bd2+ Qg5+ 43. Bxg5# 1-0

[Event "CYCC U14"]
[Site "Windsor CAN"]
[Date "2016.07.06"]
[Round "3.20"]
[White "Hua, Eugene"]
[Black "Liu, Daniel"]
[Result "1-0"]
[WhiteElo "2201"]
[BlackElo "1938"]
[PlyCount "95"]
[EventDate "2016.07.05"]
[EventType "swiss"]
[EventRounds "7"]
[EventCountry "CAN"]

1. e4 c5 2. Nf3 d6 3. d4 cxd4 4. Qxd4 a6 5. c4 Nc6 6. Qd2 g6 7. Nc3 Bg7 8. b3
Bg4 9. Be2 e6 10. Bb2 Bxf3 11. Bxf3 Nge7 12. g3 O-O 13. O-O Nd4 14. Bg2 Nec6
15. Rad1 Qa5 16. Na4 Qxd2 17. Rxd2 b5 18. cxb5 axb5 19. Nc3 Rfc8 20. Rfd1 h5
21. f4 Ra7 22. Kf2 Nb4 23. Rxd4 Bxd4+ 24. Rxd4 Nxa2 25. Nd1 Rc2+ 26. Kf3 Ra6
27. Bf1 Rb6 28. Ke3 Kf8 29. Bd3 Rxh2 30. Bb1 Ra6 31. Nf2 h4 32. Kf3 hxg3 33.
Kxg3 Rh5 34. Rd2 Ke8 35. Ng4 Rh1 36. Bd3 Ra5 37. Bd4 b4 38. Bb6 Ra3 39. Bc4 Nc3
40. Nf6+ Ke7 41. e5 Rh8 42. Rxd6 Na4 43. Rd7+ Kf8 44. Bc7 Kg7 45. Bxe6 Nc5 46.
Rxf7+ Kh6 47. Ng4+ Kh5 48. Rf5+ 1-0

[Event "CYCC U14"]
[Site "Windsor CAN"]
[Date "2016.07.06"]
[Round "3.21"]
[White "Li, William"]
[Black "Cai, Jason"]
[Result "0-1"]
[WhiteElo "2075"]
[BlackElo "2185"]
[PlyCount "90"]
[EventDate "2016.07.05"]
[EventType "swiss"]
[EventRounds "7"]
[EventCountry "CAN"]

1. e4 e6 2. d4 d5 3. Nc3 Bb4 4. Nge2 dxe4 5. a3 Be7 6. Nxe4 Nf6 7. N2g3 Nbd7 8.
f4 Nxe4 9. Nxe4 Nf6 10. Nxf6+ Bxf6 11. c3 Qd5 12. Be3 Bh4+ 13. Kd2 O-O 14. Rg1
c5 15. Kc2 Bd7 16. c4 Qc6 17. dxc5 e5 18. Bd3 exf4 19. Bxf4 Qxc5 20. Bd6 Qf2+
21. Qe2 Qxe2+ 22. Bxe2 Rfe8 23. Bd3 Rad8 24. b3 Ba4 25. c5 Bc6 26. g3 Be7 27.
Bxe7 Rxe7 28. Rge1 Red7 29. Rad1 h5 30. Bc4 Rxd1 31. Rxd1 Rxd1 32. Kxd1 Kf8 33.
Kd2 Ke7 34. Ke3 g6 35. Kd4 a6 36. Bd5 f6 37. Bxc6 bxc6 38. b4 Ke6 39. Ke4 g5
40. Kd4 f5 41. h4 g4 42. Ke3 Ke5 43. a4 Kd5 44. Kf4 a5 45. Kxf5 axb4 0-1

[Event "CYCC U14"]
[Site "Windsor CAN"]
[Date "2016.07.06"]
[Round "3.22"]
[White "Liang, Hairan"]
[Black "Li, Eric M"]
[Result "1-0"]
[WhiteElo "2182"]
[BlackElo "1637"]
[PlyCount "97"]
[EventDate "2016.07.05"]
[EventType "swiss"]
[EventRounds "7"]
[EventCountry "CAN"]

1. e4 c5 2. Nf3 Nc6 3. d4 cxd4 4. Nxd4 Qb6 5. Nb3 Nf6 6. Bd3 e6 7. Be3 Qc7 8.
O-O d5 9. Nc3 dxe4 10. Nxe4 Be7 11. Nxf6+ Bxf6 12. c3 Bd7 13. Nc5 Ne5 14. Nxd7
Qxd7 15. Be4 Nc6 16. Qa4 O-O 17. Rfd1 Qc7 18. Rd2 a6 19. Qc4 Rfd8 20. Rad1 Rxd2
21. Rxd2 Rd8 22. Rxd8+ Qxd8 23. g3 Qd7 24. Kg2 g6 25. Bxc6 Qxc6+ 26. Qxc6 bxc6
27. Bh6 Bg7 28. Bxg7 Kxg7 29. Kf3 Kf6 30. Ke4 e5 31. g4 h5 32. f3 hxg4 33. fxg4
g5 34. b4 Ke6 35. a4 f6 36. c4 Kd6 37. Kf3 Ke6 38. Kg3 Kd6 39. h4 gxh4+ 40.
Kxh4 e4 41. Kg3 Ke5 42. b5 axb5 43. cxb5 cxb5 44. axb5 e3 45. Kf3 e2 46. Kxe2
Kd6 47. Ke3 Kc5 48. Ke4 Kxb5 49. Kf5 1-0

[Event "CYCC U14"]
[Site "Windsor CAN"]
[Date "2016.07.06"]
[Round "3.24"]
[White "Sivapathasundaram, Manojh"]
[Black "Doknjas, Joshua"]
[Result "0-1"]
[WhiteElo "1937"]
[BlackElo "2201"]
[PlyCount "64"]
[EventDate "2016.07.05"]
[EventType "swiss"]
[EventRounds "7"]
[EventCountry "CAN"]

1. d4 d5 2. c4 c6 3. Nc3 Nf6 4. Nf3 dxc4 5. a4 Bf5 6. e3 e6 7. Bxc4 Bb4 8. O-O
O-O 9. Qe2 Bg4 10. h3 Bh5 11. Rd1 Nbd7 12. e4 Qe7 13. e5 Nd5 14. Ne4 h6 15. Bd3
Bg6 16. Ng3 Bxd3 17. Rxd3 c5 18. Nh2 c4 19. Rf3 c3 20. Nh5 cxb2 21. Bxb2 g6 22.
Nf4 Nxf4 23. Rxf4 Rac8 24. Ng4 Kh7 25. Nf6+ Nxf6 26. Rxf6 Rc7 27. Qe3 Rd8 28.
Bc1 Qf8 29. Ba3 Bxa3 30. Rxa3 Rxd4 31. Qxd4 Qxa3 32. Qxa7 Qa1+ 0-1

[Event "CYCC U14"]
[Site "Windsor CAN"]
[Date "2016.07.06"]
[Round "3.25"]
[White "Gaisinsky, Adam"]
[Black "Zhang, Henry"]
[Result "1/2-1/2"]
[WhiteElo "1913"]
[BlackElo "2113"]
[PlyCount "108"]
[EventDate "2016.07.05"]
[EventType "swiss"]
[EventRounds "7"]
[EventCountry "CAN"]

1. e4 c5 2. Nf3 e6 3. d3 Nc6 4. g3 g6 5. Bg2 Bg7 6. O-O Nge7 7. Nbd2 O-O 8. c3
d6 9. Re1 Qc7 10. a4 b6 11. Nf1 Bb7 12. Bf4 Rfd8 13. h4 e5 14. Bg5 h6 15. Bxe7
Qxe7 16. Ne3 Bc8 17. Nd5 Qb7 18. Nd2 Ne7 19. h5 Nxd5 20. exd5 Rf8 21. hxg6 fxg6
22. Ne4 Qc7 23. Qd2 Bg4 24. Qe3 Rae8 25. Rab1 Qe7 26. b4 cxb4 27. Rxb4 Kh7 28.
Reb1 Rc8 29. a5 bxa5 30. Rb7 Rc7 31. Qxa7 Rf7 32. Rxc7 Qxc7 33. Qxc7 Rxc7 34.
Ra1 Bf5 35. Rxa5 Bxe4 36. dxe4 Rxc3 37. Ra8 Rb3 38. Rd8 Rb6 39. Bh3 h5 40. Bd7
Bf6 41. Re8 Rb7 42. Bc6 Rc7 43. Re6 Be7 44. Be8 g5 45. Bxh5 Kg7 46. Kg2 Rd7 47.
Kf3 Bf6 48. Kg4 Rd8 49. f4 gxf4 50. gxf4 exf4 51. Kxf4 Rd7 52. Kf5 Re7 53. Rxd6
Re5+ 54. Kf4 Rxh5 1/2-1/2

[Event "CYCC U14"]
[Site "Windsor CAN"]
[Date "2016.07.06"]
[Round "3.26"]
[White "Guan, Zi Yu"]
[Black "Surya, Benito"]
[Result "1/2-1/2"]
[WhiteElo "1460"]
[BlackElo "2001"]
[PlyCount "47"]
[EventDate "2016.07.05"]
[EventType "swiss"]
[EventRounds "7"]
[EventCountry "CAN"]

1. e4 d5 2. exd5 Qxd5 3. Nc3 Qa5 4. d4 Nf6 5. Nf3 Bg4 6. Be2 Nc6 7. Be3 O-O-O
8. O-O e5 9. Ng5 Be6 10. Nce4 Nxe4 11. Nxe4 exd4 12. Bg5 f6 13. Bh4 Be7 14. f4
Bd5 15. Bg4+ Kb8 16. Re1 Bxe4 17. Rxe4 Qc5 18. Bf3 d3+ 19. Bf2 Qxc2 20. Qxc2
dxc2 21. Rc4 Nb4 22. a3 Nd5 23. g3 Nb6 24. Rxc2 1/2-1/2

[Event "CYCC U14"]
[Site "Windsor CAN"]
[Date "2016.07.06"]
[Round "3.27"]
[White "Lehingrat, Callum"]
[Black "Bu, Kevin"]
[Result "0-1"]
[WhiteElo "1688"]
[BlackElo "1916"]
[PlyCount "148"]
[EventDate "2016.07.05"]
[EventType "swiss"]
[EventRounds "7"]
[EventCountry "CAN"]

1. e4 Nf6 2. e5 Nd5 3. d4 d6 4. c4 Nb6 5. exd6 exd6 6. Nc3 Be7 7. Be3 O-O 8.
Rc1 Re8 9. Be2 Bg5 10. Bxg5 Qxg5 11. Kf1 Nc6 12. Nf3 Qf4 13. h3 Bf5 14. g3 Qh6
15. Kg2 Rad8 16. Bd3 Bxd3 17. Qxd3 Nb4 18. Qf1 Qg6 19. b3 Re7 20. Re1 Rde8 21.
Rxe7 Rxe7 22. Qb1 Qxb1 23. Rxb1 a6 24. Re1 Kf8 25. Rxe7 Kxe7 26. Ne1 g6 27. f4
f5 28. Kf3 a5 29. a3 Na6 30. Nc2 c6 31. Ne3 Nc7 32. Ke2 Ne6 33. Kd3 Nd7 34. b4
axb4 35. axb4 Nf6 36. d5 Nc7 37. dxc6 bxc6 38. b5 Kd7 39. Kd4 Ne6+ 40. Kd3 Nc5+
41. Ke2 Nfe4 42. Nxe4 Nxe4 43. g4 fxg4 44. bxc6+ Kxc6 45. Nxg4 h5 46. Ne3 Kc5
47. Ng2 Kxc4 48. Nh4 g5 49. fxg5 Nxg5 50. Nf5 d5 51. Ng7 h4 52. Nf5 Kc3 53.
Nxh4 d4 54. Nf5 d3+ 55. Kd1 Nxh3 56. Ne3 Nf2+ 57. Ke1 Ne4 58. Nd1+ Kc2 59. Ne3+
Kc1 60. Nc4 Nc3 61. Kf1 Ne4 62. Ke1 Nd6 63. Nd2 Nf5 64. Nc4 Nd6 65. Nd2 Kc2 66.
Nf1 Nc4 67. Kf2 Nd2 68. Ne3+ Kc1 69. Ke1 Nf3+ 70. Kf2 Nd2 71. Ke1 Nf3+ 72. Kf2
Nd4 73. Kf1 d2 74. Kg2 Nc2 0-1

[Event "CYCC U14"]
[Site "Windsor CAN"]
[Date "2016.07.06"]
[Round "3.28"]
[White "Wang, Jeff"]
[Black "Atanasov, David"]
[Result "1-0"]
[WhiteElo "1920"]
[BlackElo "1467"]
[PlyCount "71"]
[EventDate "2016.07.05"]
[EventType "swiss"]
[EventRounds "7"]
[EventCountry "CAN"]

1. e4 c5 2. Nf3 d6 3. d4 cxd4 4. Nxd4 Nf6 5. Nc3 a6 6. Bg5 e6 7. f4 Nbd7 8. Qf3
Be7 9. O-O-O O-O 10. g4 Qa5 11. Kb1 Re8 12. Bd3 Nc5 13. Nb3 Nxb3 14. cxb3 Rb8
15. Qh3 e5 16. Bxf6 Bxf6 17. Nd5 Qd8 18. Rhg1 g6 19. Nxf6+ Qxf6 20. f5 g5 21.
Bc4 b5 22. Bd5 Bb7 23. Qe3 Rec8 24. h4 h6 25. Rh1 gxh4 26. Qf2 Kg7 27. Rxh4 Rc7
28. Rh5 Bxd5 29. Rxd5 Rbc8 30. Rd1 Rc6 31. Qe3 Rc2 32. Rdh1 d5 33. Rxh6 d4 34.
g5 Qd6 35. f6+ Kg8 36. Rh8# 1-0

[Event "CYCC U14"]
[Site "Windsor CAN"]
[Date "2016.07.06"]
[Round "3.29"]
[White "Mathews, Joshua"]
[Black "Wang, Kaixin"]
[Result "0-1"]
[WhiteElo "1361"]
[BlackElo "1849"]
[PlyCount "100"]
[EventDate "2016.07.05"]
[EventType "swiss"]
[EventRounds "7"]
[EventCountry "CAN"]

1. e4 c5 2. Nf3 d6 3. Bb5+ Bd7 4. Bxd7+ Nxd7 5. O-O g6 6. c3 Bg7 7. Re1 e5 8.
d4 Ngf6 9. dxe5 Nxe5 10. Nxe5 dxe5 11. Qxd8+ Rxd8 12. Bg5 O-O 13. Na3 h6 14.
Bh4 g5 15. Bg3 Nh5 16. Nc4 b5 17. Ne3 Rd2 18. b4 Nxg3 19. hxg3 Rc8 20. Nd5 Bf8
21. a3 a5 22. bxa5 Ra8 23. Nc7 Rxa5 24. Reb1 b4 25. axb4 Rxa1 26. Rxa1 cxb4 27.
cxb4 Bxb4 28. Nd5 Bc5 29. Ne3 Kh7 30. Ra6 h5 31. Rc6 Bd4 32. Rc7 Kg6 33. Rc6+
f6 34. Rc8 Rd3 35. Rd8 Rd2 36. Rc8 Rb2 37. Rc1 Re2 38. Kf1 Bxe3 39. fxe3 Rxe3
40. Re1 Rxe1+ 41. Kxe1 f5 42. Kf2 fxe4 43. g4 h4 44. Ke3 Kf6 45. Kxe4 Ke6 46.
Ke3 Kd5 47. Kd3 e4+ 48. Ke3 Ke5 49. Kf2 Kf4 50. Ke2 Kxg4 0-1

[Event "CYCC U14"]
[Site "Windsor CAN"]
[Date "2016.07.06"]
[Round "3.30"]
[White "Zhang, Zhehai"]
[Black "Hou, Frank"]
[Result "1-0"]
[WhiteElo "1837"]
[BlackElo "1273"]
[PlyCount "85"]
[EventDate "2016.07.05"]
[EventType "swiss"]
[EventRounds "7"]
[EventCountry "CAN"]

1. e4 e5 2. Nf3 Nc6 3. Bc4 Bc5 4. d3 Nf6 5. O-O O-O 6. Nbd2 d6 7. c3 Be6 8. Bb3
Ne7 9. h3 h6 10. Re1 Ng6 11. Nf1 Nh5 12. Be3 Bxe3 13. fxe3 Nf6 14. Bc2 d5 15.
Qe2 Qe7 16. g4 dxe4 17. dxe4 Qc5 18. Kh1 Rad8 19. Ng3 Bc4 20. Qh2 Qb6 21. b3
Bd3 22. Rad1 Bxc2 23. Qxc2 Rxd1 24. Qxd1 Qa5 25. Qd2 c5 26. Rd1 Re8 27. g5 hxg5
28. Nxg5 Re7 29. b4 cxb4 30. cxb4 Qb6 31. Qc3 Qc7 32. Qb2 Rd7 33. Rc1 Qb6 34.
Qb3 Rc7 35. Rd1 Qc6 36. Qb2 Rd7 37. Rc1 Qd6 38. Nf5 Qd2 39. Qxd2 Rxd2 40. Rc8+
Nf8 41. Ne7+ Kh8 42. Rxf8+ Ng8 43. Rxg8# 1-0

[Event "CYCC U14"]
[Site "Windsor CAN"]
[Date "2016.07.06"]
[Round "3.31"]
[White "Jeyakumar, Yathushan"]
[Black "De Costa, Alex"]
[Result "0-1"]
[WhiteElo "1261"]
[BlackElo "1786"]
[PlyCount "130"]
[EventDate "2016.07.05"]
[EventType "swiss"]
[EventRounds "7"]
[EventCountry "CAN"]

1. e4 c5 2. c3 d5 3. exd5 Qxd5 4. d4 Nc6 5. Nf3 Nf6 6. Be3 cxd4 7. Nxd4 Nxd4 8.
Bxd4 e5 9. Be3 Qxd1+ 10. Kxd1 Bf5 11. Bb5+ Nd7 12. Ke2 Be7 13. Rd1 a6 14. Ba4
b5 15. Bb3 O-O 16. h3 Nc5 17. Bxc5 Bxc5 18. Rd5 Ba7 19. Rxe5 Rfe8 20. Rxe8+
Rxe8+ 21. Kf3 Re1 22. g4 Be4+ 23. Kg3 Rxb1 24. Rxb1 Bxb1 25. f4 Be3 26. Bd5 Bc1
27. Bb3 Bxb2 28. c4 bxc4 29. Bxc4 a5 30. Bb3 Kf8 31. f5 Ke7 32. Kf4 f6 33. h4
Kd6 34. g5 Kc5 35. Bg8 h6 36. gxh6 gxh6 37. Be6 Kb4 38. Ke3 Ka3 39. Kf4 Bxa2
40. Kg4 a4 41. Kh5 Bc1 42. Kg6 Bb2 43. Kxh6 Bb3 44. Bd7 Kb4 45. Bxa4 Bxa4 46.
Kg6 Kc5 47. h5 Be8+ 48. Kh6 Bxh5 49. Kxh5 Kd5 50. Kh4 Ke4 51. Kg4 Ke5 52. Kf3
Kxf5 53. Kg3 Ke4 54. Kg2 Ke3 55. Kf1 f5 56. Ke1 f4 57. Kf1 Kf3 58. Ke1 Kg2 59.
Ke2 f3+ 60. Ke1 f2+ 61. Ke2 f1=Q+ 62. Ke3 Qf5 63. Ke2 Qe4+ 64. Kd1 Qd3+ 65. Ke1
Bc3# 0-1

[Event "CYCC U14"]
[Site "Windsor CAN"]
[Date "2016.07.06"]
[Round "3.32"]
[White "Gaur, Shivan"]
[Black "Uthayakumar, Ronan"]
[Result "0-1"]
[WhiteElo "1211"]
[BlackElo "1751"]
[PlyCount "72"]
[EventDate "2016.07.05"]
[EventType "swiss"]
[EventRounds "7"]
[EventCountry "CAN"]

1. d4 Nf6 2. c4 g6 3. g3 d5 4. Bg2 Bg7 5. Nc3 e6 6. Nf3 Nbd7 7. b3 O-O 8. O-O
Nb6 9. c5 Nbd7 10. Bg5 h6 11. Be3 c6 12. b4 Re8 13. Bf4 Ng4 14. h3 e5 15. hxg4
exf4 16. gxf4 Nf6 17. g5 Ne4 18. Nxe4 dxe4 19. Ne5 hxg5 20. e3 gxf4 21. exf4
Qh4 22. Qb3 Qxf4 23. Nxg6 Qg5 24. Ne5 Bxe5 25. dxe5 Rxe5 26. Kh1 Qh6+ 27. Kg1
Qg6 28. Kh1 Rh5+ 29. Kg1 Rg5 30. Kh1 Qh5+ 31. Kg1 Bh3 32. Qd1 Rxg2+ 33. Kh1
Bg4+ 34. Kxg2 Bf3+ 35. Kg3 Qg4+ 36. Kh2 Qg2# 0-1

[Event "CYCC U14"]
[Site "Windsor CAN"]
[Date "2016.07.06"]
[Round "3.33"]
[White "Cui, Kevin"]
[Black "Ju, Lawrence"]
[Result "1/2-1/2"]
[WhiteElo "1182"]
[BlackElo "1666"]
[PlyCount "80"]
[EventDate "2016.07.05"]
[EventType "swiss"]
[EventRounds "7"]
[EventCountry "CAN"]

1. e4 c5 2. Nf3 Nc6 3. d4 cxd4 4. Nxd4 g6 5. Nc3 Bg7 6. Be3 Nf6 7. Qd2 O-O 8.
Bc4 Ng4 9. Nb3 Nxe3 10. Qxe3 Ne5 11. Be2 d6 12. O-O-O Ng4 13. Qg3 Ne5 14. Kb1
Qc7 15. f4 Nc6 16. h4 h5 17. f5 Be5 18. Qe3 Qb6 19. Qd2 Bxc3 20. bxc3 Qf2 21.
g4 hxg4 22. h5 gxf5 23. exf5 Qxf5 24. Bxg4 Qf6 25. Bxc8 Raxc8 26. Rdf1 Qe6 27.
Nd4 Nxd4 28. Qxd4 Qe5 29. Qg1+ Kh7 30. Rf3 Qd5 31. Qg3 Rxc3 32. h6 Rg8 33.
Qxg8+ Kxg8 34. Rg1+ Kh7 35. Rxc3 Qd4 36. Rcg3 Qb4+ 37. Ka1 Qd4+ 38. c3 Qc5 39.
Rg7+ Kxh6 40. R7g3 Qh5 1/2-1/2

[Event "CYCC U14"]
[Site "Windsor CAN"]
[Date "2016.07.06"]
[Round "3.35"]
[White "Kuo, Webster"]
[Black "Singh, Malhar"]
[Result "0-1"]
[WhiteElo "594"]
[BlackElo "1592"]
[PlyCount "88"]
[EventDate "2016.07.05"]
[EventType "swiss"]
[EventRounds "7"]
[EventCountry "CAN"]

1. e4 e6 2. Nc3 d5 3. exd5 exd5 4. d4 Nf6 5. Qe2+ Be7 6. Nf3 O-O 7. g3 Re8 8.
Be3 c5 9. Bg2 Nc6 10. Rd1 Bg4 11. O-O cxd4 12. Bxd4 Bc5 13. Bxf6 Qxf6 14. Nxd5
Rxe2 15. Nxf6+ gxf6 16. Rd2 Bxf3 17. Rfd1 Bxf2+ 18. Kf1 Rxd2 19. Rxd2 Bxg2+ 20.
Kxg2 Bd4 21. c3 Be5 22. Rd7 b5 23. Rd5 a6 24. Rc5 Rc8 25. h4 Ne7 26. Rxc8+ Nxc8
27. a3 Nd6 28. Kf3 Nc4 29. b3 Nxa3 30. b4 Bxc3 31. g4 Bxb4 32. Kf4 Nc4 33. g5
fxg5+ 34. hxg5 a5 35. g6 hxg6 36. Ke4 a4 37. Kd5 a3 38. Kc6 Nd6 39. Kd5 a2 40.
Kc6 a1=Q 41. Kd5 Qe1 42. Kc6 Qc3+ 43. Kd7 Kf8 44. Kd8 Qc8# 0-1

[Event "CYCC U14"]
[Site "Windsor CAN"]
[Date "2016.07.06"]
[Round "3.36"]
[White "Li, Yang"]
[Black "Zhang, Kevin3"]
[Result "1/2-1/2"]
[WhiteElo "1075"]
[BlackElo "1205"]
[PlyCount "125"]
[EventDate "2016.07.05"]
[EventType "swiss"]
[EventRounds "7"]
[EventCountry "CAN"]

1. e4 e5 2. Nf3 Nc6 3. Bb5 Nf6 4. Bxc6 dxc6 5. d3 Bd6 6. Nc3 Bg4 7. O-O O-O 8.
h3 Bh5 9. Re1 Bc5 10. Be3 Bxe3 11. Rxe3 Re8 12. Qd2 Qe7 13. Rae1 Rad8 14. Qd1
c5 15. R1e2 c4 16. Rd2 cxd3 17. Rexd3 Rxd3 18. cxd3 Qe6 19. d4 exd4 20. Rxd4 c5
21. Ra4 a6 22. Qd3 b5 23. Ra5 c4 24. Qd4 Bxf3 25. gxf3 Qxh3 26. Rxa6 Qxf3 27.
Qe3 Qh5 28. Nd5 Qg4+ 29. Kf1 Nxd5 30. exd5 Qc8 31. Rc6 Qd7 32. Qf3 Qe7 33. d6
Qe1+ 34. Kg2 Rd8 35. Rc7 Qe6 36. Qc6 h6 37. Qxb5 Qxd6 38. Qxc4 Qg6+ 39. Kf3
Rd3+ 40. Ke2 Rd6 41. b4 Rb6 42. b5 Qh5+ 43. Ke1 Rxb5 44. Qe4 Rb8 45. a4 Rd8 46.
Kf1 Qh3+ 47. Ke2 Rd6 48. Re7 Re6 49. Rxe6 fxe6 50. a5 Qh5+ 51. f3 Qxa5 52.
Qxe6+ Kf8 53. Qd6+ Ke8 54. Qe6+ Kd8 55. Qg8+ Kd7 56. Qxg7+ Ke6 57. Qxh6+ Kf7
58. Qh7+ Kf8 59. Qh8+ Kf7 60. Qh7+ Ke8 61. Qh8+ Kd7 62. Qh7+ Kc8 63. Qh8+
1/2-1/2

[Event "CYCC U14"]
[Site "Windsor CAN"]
[Date "2016.07.06"]
[Round "3.37"]
[White "Eckert, Ethan"]
[Black "Leong, Ryan"]
[Result "0-1"]
[WhiteElo "997"]
[BlackElo "1616"]
[PlyCount "46"]
[EventDate "2016.07.05"]
[EventType "swiss"]
[EventRounds "7"]
[EventCountry "CAN"]

1. e4 c5 2. Nf3 d6 3. d4 cxd4 4. Nxd4 Nf6 5. Nc3 a6 6. f3 e5 7. Nb3 Be6 8. Be3
Be7 9. Qd2 Nbd7 10. O-O-O Rc8 11. g4 b5 12. Kb1 O-O 13. g5 Nh5 14. h4 Nb6 15.
Qf2 Nc4 16. Bxc4 bxc4 17. Nc1 Rb8 18. N1e2 Qa5 19. Ng3 Nxg3 20. Qxg3 Qxc3 21.
Bc1 Rxb2+ 22. Bxb2 Rb8 23. Kc1 Rxb2 0-1

[Event "CYCC U14"]
[Site "Windsor CAN"]
[Date "2016.07.06"]
[Round "3.38"]
[White "Fox, Dylan"]
[Black "Chertkow, Matthew"]
[Result "1/2-1/2"]
[WhiteElo "1252"]
[BlackElo "1325"]
[PlyCount "78"]
[EventDate "2016.07.05"]
[EventType "swiss"]
[EventRounds "7"]
[EventCountry "CAN"]

1. e4 c5 2. c3 d6 3. d4 cxd4 4. cxd4 Nf6 5. Nc3 g6 6. Be3 Bg7 7. h3 Bd7 8. Rc1
Nc6 9. Be2 O-O 10. Nf3 Rc8 11. Qd2 Qa5 12. O-O a6 13. Bh6 b5 14. a3 b4 15. axb4
Nxb4 16. Bxg7 Kxg7 17. Ra1 Qb6 18. e5 Ng8 19. Rfc1 f6 20. Na4 Qb7 21. Nc3 Rc6
22. d5 Rc5 23. e6 Bc8 24. Rd1 f5 25. Ne1 Nf6 26. Bf3 a5 27. Nd3 Nxd3 28. Qxd3
Qa7 29. b4 Ba6 30. Qe3 axb4 31. Na2 Qb7 32. Rdb1 Rb5 33. Be2 Rb6 34. Bxa6 Rxa6
35. Rxb4 Qxd5 36. Rd4 Qc6 37. Rc1 Qb5 38. Nc3 Qe5 39. Qd3 Rc6 1/2-1/2

[Event "CYCC U14"]
[Site "Windsor CAN"]
[Date "2016.07.06"]
[Round "3.40"]
[White "Morin, Gabriel"]
[Black "Novakovic, David"]
[Result "0-1"]
[WhiteElo "795"]
[BlackElo "939"]
[PlyCount "146"]
[EventDate "2016.07.05"]
[EventType "swiss"]
[EventRounds "7"]
[EventCountry "CAN"]

1. e4 e5 2. Qh5 Nf6 3. Qxe5+ Qe7 4. Qxe7+ Bxe7 5. Nc3 Bb4 6. a3 Bxc3 7. bxc3
Nxe4 8. Bd3 Nf6 9. c4 Nc6 10. Bb2 b6 11. O-O-O Bb7 12. Re1+ Ne7 13. f3 d6 14.
Be4 Bxe4 15. fxe4 O-O-O 16. Nf3 h6 17. e5 dxe5 18. Nxe5 Rhf8 19. Nf3 Nc6 20.
Bxf6 gxf6 21. c3 Rfe8 22. h4 Ne5 23. Kc2 Nxc4 24. Rxe8 Rxe8 25. Re1 Rxe1 26.
Nxe1 Nxa3+ 27. Kb3 Nb5 28. c4 Nd4+ 29. Kc3 Ne2+ 30. Kb2 Kb7 31. Nc2 Nf4 32. g3
Nd3+ 33. Kc3 Ne5 34. d4 Nd7 35. d5 c6 36. dxc6+ Kxc6 37. Nd4+ Kc5 38. h5 Ne5
39. Nf5 Ng4 40. Ne7 Ne3 41. Ng8 Nf5 42. g4 Ne3 43. Nxh6 a5 44. Kb3 Kd4 45. Nxf7
Nxg4 46. Nd8 f5 47. Ne6+ Ke5 48. Ng5 f4 49. Kc3 Kf5 50. Nf3 Nf6 51. h6 Kg6 52.
Kd4 Kxh6 53. Ke5 Nh5 54. Kd6 a4 55. Kc6 a3 56. Nd2 f3 57. Kxb6 a2 58. Nxf3 a1=Q
59. c5 Qf6+ 60. c6 Ng7 61. Kb7 Qxf3 62. Kb6 Ne8 63. c7 Nxc7 64. Kxc7 Qd5 65.
Kc8 Qd6 66. Kb7 Qc5 67. Ka8 Qb4 68. Ka7 Kg6 69. Ka8 Kf7 70. Ka7 Ke7 71. Ka8 Kd7
72. Ka7 Kc6 73. Ka8 Qb7# 0-1

[Event "CYCC U14"]
[Site "Windsor CAN"]
[Date "2016.07.06"]
[Round "3.41"]
[White "Masse, Wade"]
[Black "Zaid, Shahmeer"]
[Result "0-1"]
[WhiteElo "917"]
[BlackElo "745"]
[PlyCount "62"]
[EventDate "2016.07.05"]
[EventType "swiss"]
[EventRounds "7"]
[EventCountry "CAN"]

1. e4 c5 2. Nf3 Nc6 3. Nc3 d6 4. Bc4 Nf6 5. Ng5 e6 6. O-O g6 7. Re1 Bg7 8. Qf3
O-O 9. d3 Nd4 10. Qd1 Re8 11. Be3 Nc6 12. Bb5 Qc7 13. Bxc6 Qxc6 14. Qf3 Rd8 15.
Rad1 b6 16. d4 e5 17. dxe5 Bg4 18. Qf4 Bxd1 19. exf6 Bh6 20. Qh4 Bh5 21. g4 d5
22. gxh5 Qxf6 23. hxg6 Qxg6 24. Kh1 d4 25. Bf4 dxc3 26. bxc3 Kf8 27. Rg1 Bxg5
28. Rxg5 Qxe4+ 29. f3 Qxf3+ 30. Rg2 Rd1+ 31. Qe1 Rxe1# 0-1

[Event "CYCC U14"]
[Site "Windsor CAN"]
[Date "2016.07.07"]
[Round "4.20"]
[White "Cai, Jason"]
[Black "Hua, Eugene"]
[Result "1/2-1/2"]
[WhiteElo "2185"]
[BlackElo "2201"]
[PlyCount "46"]
[EventDate "2016.07.05"]
[EventType "swiss"]
[EventRounds "7"]
[EventCountry "CAN"]

1. e4 c5 2. Nf3 e6 3. d4 cxd4 4. Nxd4 Nc6 5. Nb5 d6 6. c4 Nf6 7. N1c3 a6 8. Na3
Be7 9. Be2 O-O 10. O-O b6 11. Be3 Bb7 12. Qb3 Nd7 13. Rac1 Nc5 14. Qc2 Bf6 15.
Rfd1 Qc7 16. f3 Nb4 17. Qd2 Rfd8 18. Nc2 Bxc3 19. bxc3 Nxc2 20. Qxc2 a5 21. Rd2
Bc6 22. Rb1 Rab8 23. Qd1 Na4 1/2-1/2

[Event "CYCC U14"]
[Site "Windsor CAN"]
[Date "2016.07.07"]
[Round "4.21"]
[White "Bu, Kevin"]
[Black "Liang, Hairan"]
[Result "1/2-1/2"]
[WhiteElo "1916"]
[BlackElo "2182"]
[PlyCount "54"]
[EventDate "2016.07.05"]
[EventType "swiss"]
[EventRounds "7"]
[EventCountry "CAN"]

1. e4 c5 2. d3 g6 3. g3 Bg7 4. Bg2 d6 5. c3 e5 6. f4 Ne7 7. Nf3 Nbc6 8. Na3 O-O
9. O-O h6 10. Be3 Kh7 11. Qd2 exf4 12. gxf4 f5 13. Rae1 Be6 14. c4 Qd7 15. Kh1
Rh8 16. Nh4 Kg8 17. b3 Kf7 18. Nb5 a6 19. Nc3 Rag8 20. Nd5 Bd4 21. Qe2 Bxe3 22.
Nxe3 Nd4 23. Qd1 Re8 24. exf5 Nexf5 25. Nexf5 Bxf5 26. Bd5+ Kf6 27. Be4 Re7
1/2-1/2